|
|
|
|
| LEADER |
03043nam a22005295i 4500 |
| 001 |
978-3-319-67053-9 |
| 003 |
DE-He213 |
| 005 |
20171213133617.0 |
| 007 |
cr nn 008mamaa |
| 008 |
171213s2017 gw | s |||| 0|eng d |
| 020 |
|
|
|a 9783319670539
|9 978-3-319-67053-9
|
| 024 |
7 |
|
|a 10.1007/978-3-319-67053-9
|2 doi
|
| 040 |
|
|
|d GrThAP
|
| 050 |
|
4 |
|a QA319-329.9
|
| 072 |
|
7 |
|a PBKF
|2 bicssc
|
| 072 |
|
7 |
|a MAT037000
|2 bisacsh
|
| 082 |
0 |
4 |
|a 515.7
|2 23
|
| 245 |
1 |
0 |
|a Functional Analysis in Interdisciplinary Applications
|h [electronic resource] :
|b Astana, Kazakhstan, October 2017 /
|c edited by Tynysbek Sh. Kalmenov, Erlan D. Nursultanov, Michael V. Ruzhansky, Makhmud A. Sadybekov.
|
| 264 |
|
1 |
|a Cham :
|b Springer International Publishing :
|b Imprint: Springer,
|c 2017.
|
| 300 |
|
|
|a XXIX, 456 p. 11 illus.
|b online resource.
|
| 336 |
|
|
|a text
|b txt
|2 rdacontent
|
| 337 |
|
|
|a computer
|b c
|2 rdamedia
|
| 338 |
|
|
|a online resource
|b cr
|2 rdacarrier
|
| 347 |
|
|
|a text file
|b PDF
|2 rda
|
| 490 |
1 |
|
|a Springer Proceedings in Mathematics & Statistics,
|x 2194-1009 ;
|v 216
|
| 505 |
0 |
|
|a Part I Theory of functions and functional spaces -- Part II Differential equations and boundary value problems -- Part III Differential and integral operators and spectral theory -- Part IV Mathematical methods in physical sciences.
|
| 520 |
|
|
|a This volume presents current research in functional analysis and its applications to a variety of problems in mathematics and mathematical physics. The book contains over forty carefully refereed contributions to the conference “Functional Analysis in Interdisciplinary Applications” (Astana, Kazakhstan, October 2017). Topics covered include the theory of functions and functional spaces; differential equations and boundary value problems; the relationship between differential equations, integral operators and spectral theory; and mathematical methods in physical sciences. Presenting a wide range of topics and results, this book will appeal to anyone working in the subject area, including researchers and students interested to learn more about different aspects and applications of functional analysis.
|
| 650 |
|
0 |
|a Mathematics.
|
| 650 |
|
0 |
|a Functional analysis.
|
| 650 |
|
0 |
|a Partial differential equations.
|
| 650 |
|
0 |
|a Applied mathematics.
|
| 650 |
|
0 |
|a Engineering mathematics.
|
| 650 |
1 |
4 |
|a Mathematics.
|
| 650 |
2 |
4 |
|a Functional Analysis.
|
| 650 |
2 |
4 |
|a Partial Differential Equations.
|
| 650 |
2 |
4 |
|a Applications of Mathematics.
|
| 700 |
1 |
|
|a Kalmenov, Tynysbek Sh.
|e editor.
|
| 700 |
1 |
|
|a Nursultanov, Erlan D.
|e editor.
|
| 700 |
1 |
|
|a Ruzhansky, Michael V.
|e editor.
|
| 700 |
1 |
|
|a Sadybekov, Makhmud A.
|e editor.
|
| 710 |
2 |
|
|a SpringerLink (Online service)
|
| 773 |
0 |
|
|t Springer eBooks
|
| 776 |
0 |
8 |
|i Printed edition:
|z 9783319670522
|
| 830 |
|
0 |
|a Springer Proceedings in Mathematics & Statistics,
|x 2194-1009 ;
|v 216
|
| 856 |
4 |
0 |
|u http://dx.doi.org/10.1007/978-3-319-67053-9
|z Full Text via HEAL-Link
|
| 912 |
|
|
|a ZDB-2-SMA
|
| 950 |
|
|
|a Mathematics and Statistics (Springer-11649)
|